John Ratzenberger Filmography - Statistics

General Stats
  • This quiz has been taken 44 times
    14 since last reset
  • The average score is 41 of 205
Answer Stats
Type Year Name % Correct
Film 1979 The B***h
100%
Film | Video Game 1995 Toy Story
100%
Film 2010 Toy Story 3
100%
Video Game 2010 Toy Story 3: The Video Game
100%
Theater 2008-2016 Toy Story: The Musical
100%
Film 2018 Incredibles 2
90%
Film | Video Game 2001 Monsters, Inc.
90%
Film | Video Game 2004 The Incredibles
90%
Film 1999 Toy Story 2
90%
Film 2019 Toy Story 4
90%
Film 1998 A Bug's Life
80%
Film | Video Game 2006 Cars
80%
Film 2011 Cars 2
80%
Film 2017 Cars 3
80%
Film 2016 Finding Dory
80%
Film 2003 Finding Nemo
80%
Film 2013 Monsters University
80%
Film | Video Game 2009 Up
80%
Film 2017 Coco
70%
Film 2015 The Good Dinosaur
70%
Film 2012 Brave
60%
Film 2007 Ratatouille
60%
TV Show 1982-1993 Cheers
50%
TV Show 2002 Frasier
50%
Film 2015 Inside Out
50%
Film 2020 Soul
50%
Film 2008 WALL·E
50%
Film 2024 Inside Out 2
40%
Film 1980 The Empire Strikes Back
40%
Film 2022 Luck
30%
Film 2020 Onward
30%
Film 2013 Planes
30%
TV Show 1994, 2014 The Simpsons
30%
TV Show 1990 Wings
30%
Film 1977 A Bridge Too Far
20%
Video Game 2019 Kingdom Hearts III
20%
Web Series 2021-Present Monsters at Work
20%
Web Series 2023 Poker Face
20%
Film 2024 Spellbound
20%
Film 2002 Spirited Away
20%
TV Show 1985 The Love Boat
20%
TV Show 1987 The Tortellis
20%
TV Show 1990 Walt Disney's Wonderful World of Color
20%
TV Show 2003 8 Simple Rules
10%
TV Film 2014 A Christmas Mystery
10%
Film 1979 Arabian Adventure
10%
Film 1997 Bad Day on the Block
10%
Film 1982 Battletruck
10%
TV Show 1993 Bill Nye, the Science Guy
10%
TV Show 1993 Blossom
10%
TV Show 2020 BOB ❤️ ABISHOLA
10%
TV Show 2013 Bones
10%
TV Film 1990 Camp Cucamonga
10%
TV Show 1990-1996 Captain Planet and the Planeteers
10%
TV Show 1996 Caroline in the City
10%
Video Game 2009 Cars Race-O-Rama
10%
TV Film 2016 Change of Heart
10%
TV Show 1981, 1982 Code Red
10%
Commercial 1995 Coors
10%
TV Show 2013 CSI: Crime Scene Investigation
10%
Video Game 2013 Disney Infinity
10%
Video Game 2015 Disney Infinity 3.0
10%
Video Game 2014 Disney Infinity: Marvel Super Heroes
10%
Video Game 2016 Disney Magic Kingdoms
10%
Video Game 1996 Disney's Animated Storybook: Toy Story
10%
Video Game 2003 Disney's Extreme Skate Adventure
10%
TV Show 2012, 2013, 2014 Drop Dead Diva
10%
Film 1982 Firefox
10%
Web Series 2019 Forky Asks a Question
10%
TV Show 2013 Franklin & Bash
10%
Film 1982 Gandhi
10%
TV Show 1981 Goliath Awaits
10%
Film 2014 Grace of God
10%
Film 1979 Hanover Street
10%
TV Show 1997 Happily Ever After: Fairy Tales for Every Child
10%
TV Show 2015 Hell's Kitchen
10%
TV Show 1982 Hill Street Blues
10%
TV Short 2014 How Murray Saved Christmas
10%
Film 2013 In the Name of God
10%
TV Show 1980 ITV Playhouse
10%
Documentary Series 2004-2005 John Ratzenberger's Made in America
10%
TV Show 2020 Just Roll with It
10%
Video Game 2012 Kinect Rush: A Disney•Pixar Adventure
10%
TV Show 2017 LEGO Star Wars: The Freemaker Adventures
10%
Video Game 2018 LEGO The Incredibles
10%
TV Show 1978 Life at Stake
10%
TV Film 1983 Likely Stories, Vol. 4
10%
Short Film 2012 Local Commercial
10%
TV Show 1984 Magnum, P.I.
10%
TV Film 2012 Matchmaker Santa
10%
TV Show 2011 Melissa & Joey
10%
TV Special 1988 Mickey's 60th Birthday
10%
TV Show 2019 Mom
10%
TV Show 1993 Moon Over Miami
10%
Film 1980 Motel Hell
10%
TV Show 1995 Murphy Brown
10%
TV Show 1992 Nurses
10%
Film 1997 One Night Stand
10%
TV Film 2008 Our First Christmas
10%
Film 1981 Outland
10%
Commercial 1997 'Pigeons' - Nissan
10%
TV Show 2000 Pigs Next Door
10%
Film 2014 Planes: Fire & Rescue
10%
Film 1984 Protocol
10%
Film 2016 Pup Star
10%
Film 2017 Pup Star: Better 2Gether
10%
Film 2018 Pup Star: World Tour
10%
Film 1981 Ragtime
10%
Film 2026 Ray Gunn
10%
Film 1981 Reds
10%
TV Film 1983 Right of Way
10%
TV Show 2006 Rodney
10%
Film 2015 Russell Madness
10%
TV Show 1997 Sabrina, the Teenage Witch
10%
Documentary Series 1980 Scene
10%
TV Show 1979 Secret Army
10%
Film 1988 She's Having a Baby
10%
TV Show 1995 Sister, Sister
10%
Film 2006 Something New
10%
TV Show 1985 St. Elsewhere
10%
Film 2013 Super Buddies
10%
Film 1978 Superman
10%
Film 1980 Superman II
10%
TV Show 2001 That '70s Show
10%
Film 1997 That Darn Cat
10%
TV Show 2001 The Drew Carey Show
10%
TV Special 1990 The Earth Day Special
10%
Film 1985 The Falcon and the Snowman
10%
TV Show 2019 The Goldbergs
10%
TV Film 1981 The Good Soldier
10%
Video Game 2005 The Incredibles: Rise of the Underminer
10%
TV Show 2015 The McCarthys
10%
Film 1976 The Ritz
10%
TV Film 2014 The Santa Con
10%
TV Mini-Series 1993 The Wild West
10%
Film 2000 Tick Tock
10%
TV Show 2000 Touched by an Angel
10%
Video Game 1999 Toy Story 2: Activity Center
10%
Video Game 1999 Toy Story 2: Buzz Lightyear to the Rescue!
10%
Video Game 1996 Toy Story: Activity Center
10%
Theme Park Attraction 2008 Toy Story Midway Mania!
10%
Video Game 2001 Toy Story Racer
10%
Short Film 2011 Toy Story Toons: Hawaiian Vacation
10%
Short Film 2012 Toy Story Toons: Partysaurus Rex
10%
Short Film 2011 Toy Story Toons: Small Fry
10%
TV Show 1996 Toy Story Treats
10%
Video Game 2004 Trivial Pursuit: Unhinged
10%
Film 1977 Twilight's Last Gleaming
10%
Film 1977 Valentino
10%
Film 1978 Warlords of Atlantis
10%
Film 2010 What If...
10%
TV Show 1983 Wizards and Warriors
10%
Web Series 2024 WondLa
10%
Film 1979 Yanks
10%
Short Film 2007 Your Friend the Rat
10%
Film 2005 All In
0%
TV Film 2016 A Lot
0%
Commercial 1996-1997 Boston Pizza
0%
Video Game 2017 Cars 3: Driven to Win
0%
TV Short 1993 Cheers: Last Call!
0%
TV Film 1986 Combat High
0%
Web Series 2014 Convos with My 2-Year Old
0%
TV Show 2007 Dancing with the Stars
0%
Film 2001 Determination of Death
0%
Commercial 1997 Discovery Channel
0%
Short Documentary 2001 Disney Through the Decades
0%
TV Film 1997 Dog's Best Friend
0%
TV Show 2020 Expedition Unknown
0%
TV Film 2011 Fixing Pete
0%
Film 1988 Going to the Chapel
0%
Film 1987 House II: The Second Story
0%
Commercial 2016 Jenny Craig
0%
TV Show 2008 Last Comic Standing
0%
TV Show 2013-2014 Legit
0%
TV Short 1994 Locals
0%
Film 2019 Miracle in East Texas
0%
Film 2016 Monkey Up
0%
TV Mini-Series 2006 Mystery Woman
0%
Commercial 1997 Pittney-Bowes Personal Post Office
0%
TV Special 2006 Pixar's 20th Anniversary Special
0%
TV Show 1981 Private Schulz
0%
Commercial 2005 Progressive
0%
Film 2019 Project: Puppies for Christmas
0%
Commercial 2010 Quality Inn
0%
Short Film 1982 Rating Norman
0%
TV Show 1998 Remember WENN
0%
TV Show 2020 Russell Maniac
0%
Film 2018 Shifting Gears
0%
TV Mini-Series 1988 Small World
0%
Commercial 2014 Super Beta Prostate
0%
TV Show 1987 Super Password
0%
Film 2023 Tapawingo
0%
Award Show 2007 The 15th Annual Movieguide Awards
0%
Theater 1974 The Connection
0%
TV Show 1997 The Detectives
0%
TV Film 2002 The Pennsylvania Miners' Story
0%
Film 2008 The Village Barbershop
0%
Film 2012 The Woodcarver
0%
TV Film 1987 Timestalkers
0%
Commercial 1997 Van Camp's Baked Beans
0%
No matching quizzes found
Score Distribution
Percent of People with Each Score
Percentile by Number Answered
Your Score History
You have not taken this quiz since the last reset